000
00280nam a22001337a 4500
003
SGT
082
_a
617.96
_b
O17K
100
_a
KULKARNI,ATUL P
245
_a
OBJECTIVE ANESTHESIA REVIEW
250
_a
4TH
260
_a
INDIA
_b
JAYPEE
_c
2017
300
_a
546
942
_2
ddc
_c
BK
_0
2
999
_c
14236
_d
14236